000 01117cam a2200349 i 4500
001 17935141
005 20220223141614.0
008 131106t20152015moua b 001 0 eng
010 _a 2013044349
020 _a9781455748341
020 _a145574834X
035 _a(DNLM)101619711
040 _aDNLM/DLC
_cDLC
_erda
_dDLC
042 _apcc
050 0 0 _aR 697.P45B66 2015
060 1 0 _aW 21.5
082 0 0 _a610.73/7
_223
100 1 _aBonewit-West, Kathy,
_eauthor.
245 1 0 _aClinical procedures for medical assistants /
_cKathy Bonewit-West
250 _aNinth edition.
260 _aSt. Louis (Mo.) :
_bElsevier, cop.
_c2015.
300 _axx, 843 pages :
_bcolor illustrations ;
_c29 cm
504 _aIncludes bibliographical references and index.
650 0 _aPhysicians' assistants.
650 0 _aClinical medicine.
650 1 2 _aPhysician Assistants.
650 2 2 _aClinical Competence.
650 2 2 _aClinical Medicine
_xmethods.
906 _a7
_bcbc
_corignew
_d1
_eecip
_f20
_gy-gencatlg
942 _2lcc
_cBOOKS
_hR 697.P45B66 2015
999 _c31150
_d31150